Catalog

Record Details

Catalog Search



Available copies

  • 1 of 1 copy available at LARL/NWRL Consortium.

Current holds

0 current holds with 1 total copy.

Show All Copies
Location Call Number / Copy Notes Barcode Shelving Location Status Due Date
Roseau Public Library EIC (Text) 35500005157712 Main Available -

Record details

  • ISBN: 9780736928069 (pbk.)
  • ISBN: 0736928065 (pbk.)
  • Physical Description: p. cm.
  • Publisher: Eugene, Or. : Harvest House Publishers, 2011.
Subject: Amish women > Fiction.
Amish > Fiction.
Genre: Love stories.
Christian fiction.
LDR 01597nam a22003978a 4500
001131560
003LARL_NWRL_CONSORTIUM
00520110524144128.0
008101116s2011 oru 000 1 eng
010 . ‡a2010046522
020 . ‡a9780736928069 (pbk.)
020 . ‡a0736928065 (pbk.)
035 . ‡a(OCoLC)681912579
040 . ‡aDLC ‡cDLC
05000. ‡aPS3605.I34 ‡bE44 2011
08200. ‡a813/.6 ‡222
1001 . ‡aEicher, Jerry S. ‡0(LARL_NWRL_CONSORTIUM)192869
24510. ‡aElla finds love again ‡n#3/ ‡cJerry Eicher.
260 . ‡aEugene, Or. : ‡bHarvest House Publishers, ‡c2011.
300 . ‡ap. cm.
4900 . ‡aLittle Valley ; ‡vbk. 3
650 0. ‡aAmish women ‡vFiction.
650 0. ‡aAmish ‡vFiction. ‡0(LARL_NWRL_CONSORTIUM)163281
655 7. ‡aLove stories. ‡2gsafd
655 7. ‡aChristian fiction. ‡2gsafd
948 . ‡hNO HOLDINGS IN LAL - 5 OTHER HOLDINGS
994 . ‡aZ0 ‡bLAL
901 . ‡a131560 ‡bOCLC ‡c131560 ‡tbiblio

Additional Resources